000 01260nam a2200313 i 4500
001 103820
003 ES-MaACL
005 20250731034207.0
007 t|
008 051118s1961 sp ||||1|bspa d
080 _a929 Mesonero Romanos, Ramón de
080 _a94(460.27 M.)"18"(093.3)
100 1 _aMesonero Romanos, Ramón de,
_d1803-1882
_980672
245 1 0 _aMemorias de un setentón /
_cD. Ramón de Mesonero Romanos.
260 _aMadrid :
_bPublicaciones Españolas,
_c1961.
300 _a2 v. ;
_c17 cm.
490 1 _aEl libro para todos ;
_v18-19
500 _aÍndice.
505 8 _aV. 2 contiene: Sociedades literarias: El Ateneo. El Liceo, p. 199-215
600 1 4 _aMesonero Romanos, Ramón de,
_d1803-1882
_980672
610 2 4 _aAteneo de Madrid-
_vHistoria-
_vRelatos personales
_91926
651 4 _aEspaña-
_xHistoria-
_y1808-1814, Guerra de la Independencia-
_vRelatos personales.
_9138809
651 4 _aEspaña-
_xHistoria-
_y1814-1868, Restauración de los Borbones-
_vRelatos personales.
_9172969
651 4 _aMadrid-
_xHistoria-
_yS.XIX-
_vRelatos personales.
_9155260
830 1 _aEl libro para todos ;
_v18-19
_9182850
852 _aES-MaACL
_jC-21764-65
852 _aES-MaACL
_jE-10109-10
999 _c103820
_d103820